000 01453nam a2200241Ia 4500
003 Ost
005 20260507074913.0
008 260507s9999||||xx |||||||||||||| ||und||
020 _a63322499579
040 _cfsecg
041 _aara
082 _a658.403
100 _aالزيادات، محمد عواد احمد
_eمؤلف
245 0 _aإتجاهات معاصرة في إدارة المعرفة /
_c محمد عواد احمد الزيادات
260 _aعمان:
_bدار صفاء للنشر و التوزيع,
_c2008
300 _a406 صفحة؛
_bإيضاحات ؛
_c24 سم
520 _aالمعرفة المفهوم الخصائص الأنواع، ادارة المعرفة، عمليات ادارة المعرفة وقياسها، نماذج ادارة المعرفة، استراتيجيات ادارة المعرفة، المعلومات، نظم المعلومات وادارة المعرفة، الاقتصاد المعرفي، ادارة المعرفة ورأس المال الفكري، قياس وتقويم انتاجية العمل المعرفي، نشر المعرفة والملكية الفكرية، ادارة المعرفة والابداع التنظيمي، دراسات تطبيقية في ادارة المعرفة
653 _aادارة الاعمال
653 _aالتزويد
653 _aالمعرفة
653 _aنظم المعلومات- المؤسسة الممتدة
942 _cكتاب
999 _c41756
_d41756